000 00447nam a2200193Ia 4500
005 20240823013810.0
008 240823s9999||||xx |||||||||||||| ||und||
020 _a81-203-2683-0
041 _aENGLISH
082 _A621.392 P5
100 _a"Pedroni,Volnei A"
245 0 _aCircuit Design with VHDL
250 _a1st
260 _c2005
_b"PHI,New D"
500 _aYES
650 _avhdl
_bInstrumentation
942 _cBK
999 _c168257
_d168257